[Event "EU-chT (Women) 22nd"]
[Site "Batumi"]
[Date "2019.10.25"]
[Round "2.8"]
[White "Pavlidou, Ekaterini"]
[Black "Gara, Anita"]
[Result "1/2-1/2"]
[WhiteElo "2183"]
[BlackElo "2366"]
[PlyCount "124"]
[EventDate "2019.10.24"]
[EventType "team-swiss"]
[EventRounds "9"]
[EventCountry "GEO"]
[SourceTitle "CBM 192 Extra"]
[Source "Chessbase"]
[SourceDate "2019.11.06"]
[SourceVersion "1"]
[SourceVersionDate "2019.11.06"]
[SourceQuality "1"]
[WhiteTeam "Greece (W)"]
[BlackTeam "Hungary (W)"]
[WhiteTeamCountry "GRE"]
[BlackTeamCountry "HUN"]

1. d4 Nf6 2. c4 g6 3. Nc3 d5 4. Nf3 Bg7 5. h4 c6 6. Bg5 dxc4 7. e4 Be6 8. Qd2 h6 9. Be3 b5 10. a3 Qa5 11. Rd1 Nbd7 12. Be2 Rd8 13. d5 cxd5 14. Nd4 Rc8 15. 0-0 dxe4 16. Ndxb5 Nc5 17. Bf4 Nd3 18. Bc7 Qa6 19. Bxd3 exd3 20. Rde1 Qb7 21. Be5 0-0 22. Bf4 Kh7 23. Nd4 Bg4 24. f3 Nd5 25. Be5 Bd7 26. Bxg7 Kxg7 27. Nxd5 Qxd5 28. Qc3 Qc5 29. f4 Kg8 30. Re5 Qb6 31. Kh1 Qf6 32. h5 Qh4+ 33. Kg1 Bg4 34. hxg6 fxg6 35. b3 Qg3 36. Rxe7 Rxf4 37. Nf3 Rf7 38. Rxf7 Kxf7 39. Ne5+ Kg8 40. Nxg6 Qe3+ 41. Kh1 Kh7 42. Nf8+ Kg8 43. Qf6 Qe8 44. Ng6 Kh7 45. Ne5 Qh5+ 46. Kg1 Rg8 47. Nxc4 Rg7 48. Qf4 Qc5+ 49. Kh2 Qd5 50. Ne5 Be6 51. Rf2 Rg5 52. Nc4 Rf5 53. Qc7+ Rf7 54. Rxf7+ Bxf7 55. Qxa7 Kg7 56. Qe3 Qh5+ 57. Kg3 Qg6+ 58. Kf2 Qf6+ 59. Qf3 Qd4+ 60. Qe3 Qf6+ 61. Qf3 Qd4+ 62. Qe3 Qf6+ 1/2-1/2

[Event "HUN-chT 1819"]
[Site "Hungary"]
[Date "2019.04.27"]
[Round "8.5"]
[White "Gara, Anita"]
[Black "Nayhebaver, Martin"]
[Result "0-1"]
[WhiteElo "2370"]
[BlackElo "2462"]
[PlyCount "82"]
[EventDate "2018.11.17"]
[EventType "team-tourn"]
[EventRounds "9"]
[EventCountry "HUN"]
[SourceTitle "CBM 190 Extra"]
[Source "ChessBase"]
[SourceDate "2019.07.15"]
[SourceVersion "1"]
[SourceVersionDate "2019.07.15"]
[SourceQuality "1"]
[WhiteTeam "Penzugyor"]
[BlackTeam "DVTK"]
[WhiteTeamCountry "HUN"]
[BlackTeamCountry "HUN"]

1. e4 c5 2. Nf3 d6 3. d4 cxd4 4. Qxd4 Nf6 5. Be2 Nc6 6. Qe3 g6 7. 0-0 Bg7 8. h3 0-0 9. Rd1 Nd7 10. Qf4 Nde5 11. Nxe5 Bxe5 12. Qe3 Be6 13. c3 Bg7 14. Nd2 Qc7 15. Nf3 Na5 16. Ng5 Bc4 17. Bxc4 Nxc4 18. Qg3 Ne5 19. Bf4 Qc6 20. Bxe5 Bxe5 21. Qh4 h5 22. Rd5 Bf6 23. Qg3 Qb6 24. b3 Rac8 25. Rc1 Rc5 26. c4 Qa5 27. Rxc5 Qxc5 28. Nf3 Qa3 29. Rc2 Bb2 30. Ne1 Qxa2 31. Qe3 Qb1 32. Qd2 Be5 33. Qe3 Rc8 34. Rc1 Qb2 35. Rc2 Qa1 36. Rc1 Qa3 37. Nc2 Qb2 38. g3 b5 39. Nb4 Bd4 40. Rc2 Qxc2 41. Qxd4 Qxb3 0-1

[Event "WchT (Women) 12th"]
[Site "Astana"]
[Date "2019.03.07"]
[Round "3.2"]
[White "Gara, Anita"]
[Black "Muzychuk, Anna"]
[Result "1/2-1/2"]
[WhiteElo "2384"]
[BlackElo "2555"]
[PlyCount "102"]
[EventDate "2019.03.05"]
[EventType "team-tourn"]
[EventRounds "9"]
[EventCountry "KAZ"]
[SourceTitle "CBM 189"]
[Source "ChessBase"]
[SourceDate "2019.04.29"]
[SourceVersion "1"]
[SourceVersionDate "2019.04.29"]
[SourceQuality "1"]
[WhiteTeam "Hungary (W)"]
[BlackTeam "Ukraine (W)"]
[WhiteTeamCountry "HUN"]
[BlackTeamCountry "UKR"]

1. e4 c6 2. d4 d5 3. e5 Bf5 4. h4 h5 5. Bd3 Bxd3 6. Qxd3 Qa5+ 7. c3 e6 8. Nf3 Qa6 9. Qxa6 Nxa6 10. Bg5 Ne7 11. Nbd2 Nf5 12. Ke2 Be7 13. Bxe7 Kxe7 14. Nf1 Nb8 15. Ne3 Nxe3 16. Kxe3 Nd7 17. Ne1 f6 18. f4 c5 19. Nf3 Rhc8 20. Rac1 a5 21. Rhg1 f5 22. Rgd1 Nb6 23. Kd3 Na4 24. Rc2 c4+ 25. Ke3 b5 26. a3 b4 27. axb4 axb4 28. Ng1 Rcb8 29. Ne2 Kd7 30. Rdc1 Kc6 31. Rd1 Rb5 32. Ra1 Kb7 33. Rac1 Nb6 34. cxb4 Rxb4 35. Nc3 Na4 36. Kd2 Ra6 37. Rb1 Rb3 38. Kc1 Kb6 39. Nxa4+ Rxa4 40. Rc3 Kb5 41. Kc2 Rab4 42. Kc1 Kb6 43. Kc2 Kc6 44. Kc1 Kb5 45. Kc2 Ra4 46. Kc1 Kb4 47. Kc2 Ra6 48. Rc1 Ra4 49. Rb1 Ka5 50. Rxb3 cxb3+ 51. Kd3 Kb5 1/2-1/2